| 000 | 00661cam a22002413a 4500 | ||
|---|---|---|---|
| 001 | 29399 | ||
| 003 | PGUSA | ||
| 005 | 20140828083633.0 | ||
| 008 | 090713s2009||||xxu|||||s|||||000 | eng d | ||
| 040 |
_aPGUSA _beng |
||
| 042 | _adc | ||
| 050 | 4 | _aBP | |
| 100 | 1 |
_aLeadbeater, C. W. _q(Charles Webster), _d1854-1934 |
|
| 245 | 1 | 0 |
_aClairvoyance _h[electronic resource] / _cC. W. Leadbeater |
| 260 |
_bProject Gutenberg, _c2009 |
||
| 506 | _aPublic domain in the USA. | ||
| 516 | _aElectronic text | ||
| 653 | _aClairvoyance | ||
| 653 | _aTheosophy | ||
| 830 | 0 |
_aProject Gutenberg _v29399 |
|
| 856 | 4 | 0 | _uhttp://www.gutenberg.org/ebooks/29399 |
| 942 | _cEB | ||
| 999 |
_c258654 _d258654 |
||